Падение Келвина Уокера. Небыль 60-х годов: Роман

Bibliografske podrobnosti
Glavni avtor: Грэй А. Аласдэр
Drugi avtorji: Харитонов В. (переводчик), Коротич А. (иллюстратор)
Izvleček:Исключено из фонда НТБ ТПУ
Jezik:ruščina
Izdano: Москва, Радуга, 1990
Format: MixedMaterials Knjiga
KOHA link:https://koha.lib.tpu.ru/cgi-bin/koha/opac-detail.pl?biblionumber=126624

MARC

LEADER 00000nam0a2200000 4500
001 126624
005 20231031131930.0
010 |a 5050025478 
020 |a RU  |b 90-8898 
035 |a (RuTPU)RU\TPU\book\136981 
090 |a 126624 
100 |a 20071129d1990 m y0rusy5003 ca 
101 1 |a rus  |c eng 
102 |a RU 
105 |a y z 000zy 
200 1 |a Падение Келвина Уокера. Небыль 60-х годов  |e Роман  |f А. Грэй  |g пер.с англ. и авт. предисл. В. Харитонов ; худож. А. Коротич 
210 |a Москва  |c Радуга  |d 1990 
215 |a 224 с.  |d 17 см 
333 |a Исключено из фонда НТБ ТПУ 
675 |a 82  |z rus 
700 1 |a Грэй  |b А.  |g Аласдэр  |4 070 
702 1 |a Харитонов  |b В.  |4 730 
702 1 |a Коротич  |b А.  |4 440 
801 0 |a RU  |b RuMRKP  |c 19950417  |g psbo 
801 1 |a RU  |b 63413507  |c 20071129  |g PSBO 
801 2 |a RU  |b 63413507  |c 20211222  |g PSBO 
942 |c BK